Možnosti diagnostiky manažerských tacitních znalostí
Významným zdrojom konkurenčnej výhody organizácie sú znalosti v mysliach jej zamestnancov, tzv. tacitné znalosti. Autorka uvádza všeobecnú charakteristiku tacitných znalostí a rozoberá možnosti diagnostiky manažérskych tacitných znalostí.
Salvato in:
| Autore principale: | |
|---|---|
| Natura: | Capitolo di libro |
| Lingua: | ceco |
| Soggetti: | |
| Tags: |
Nessun Tag, puoi essere il primo ad aggiungerne!!
|
MARC
| LEADER | 00000naa$a2200000$$$4500 | ||
|---|---|---|---|
| 001 | 0056566 | ||
| 005 | 20221207085019.7 | ||
| 041 | 0 | |a cze | |
| 044 | |a SK | ||
| 245 | 1 | 0 | |a Možnosti diagnostiky manažerských tacitních znalostí |c Jana Matošková |
| 520 | |a Významným zdrojom konkurenčnej výhody organizácie sú znalosti v mysliach jej zamestnancov, tzv. tacitné znalosti. Autorka uvádza všeobecnú charakteristiku tacitných znalostí a rozoberá možnosti diagnostiky manažérskych tacitných znalostí. | ||
| 610 | 2 | 0 | |a organizácie |
| 610 | 2 | 0 | |a výhody konkurenčné |
| 610 | 2 | 0 | |a zamestnanci |
| 610 | 2 | 0 | |a manažéri |
| 610 | 2 | 0 | |a vedomosti |
| 100 | 1 | |a Matošková, Jana | |